| 000 | 00860nam a2200265 4500 | ||
|---|---|---|---|
| 003 | MX-MxINE | ||
| 005 | 20260530115315.0 | ||
| 008 | 260504b1988 mx |||| |||| 00| 0 spa d | ||
| 020 | _a968446097X | ||
| 040 |
_aICI _bspa _cICI _erda |
||
| 041 | _aspa | ||
| 050 |
_aHD38 _bD76518 |
||
| 100 | 1 |
_a Drucker, Peter F. _d1909-2005, _eautor _933458 |
|
| 240 |
_aInnovation and entrepreneurship _lEspañol |
||
| 245 | 1 | 3 |
_aLa innovación y el empresario innovador : _bla práctica y los principios / _cPeter f. drucker ; traducción de maricel Ford |
| 264 | 1 |
_aMéxico : _bHermes, _c1988 |
|
| 300 | _a307 páginas | ||
| 336 |
_2rdacontent _atexto |
||
| 337 |
_2rdamedia _asin medio |
||
| 338 |
_2rdacarrier _avolumen |
||
| 650 | 4 | _aInnovaciones tecnológicas | |
| 650 | 4 |
_aEmpresarios _933460 |
|
| 700 | 1 |
_aFord, Maricel, _etraductor _933461 |
|
| 942 |
_2lcc _n1 _cBK |
||
| 999 |
_c13542 _d13542 |
||